[Event "Oberliga Ost-A 1617"]
[Site "Germany"]
[Date "2017.02.19"]
[Round "7.6"]
[White "Doehn, Raphael"]
[Black "Heinz, Thomas"]
[Result "1/2-1/2"]
[WhiteElo "2131"]
[BlackElo "2144"]
[PlyCount "71"]
[EventDate "2016.10.16"]
[EventType "team-tourn"]
[EventRounds "11"]
[EventCountry "GER"]
[SourceTitle "EXT 2018"]
[Source "ChessBase"]
[SourceDate "2017.10.13"]
[SourceVersion "1"]
[SourceVersionDate "2017.10.13"]
[SourceQuality "1"]
[WhiteTeam "Leipzig SG II"]
[BlackTeam "Aue Nickelhuette II"]
[WhiteTeamCountry "GER"]
[BlackTeamCountry "GER"]

1. e4 e5 2. Nf3 Nc6 3. Bb5 a6 4. Ba4 Nf6 5. 0-0 d6 6. Re1 Bg4 7. d3 b5 8. Bb3 Nd4 9. Nbd2 Nxb3 10. axb3 Be7 11. h3 Bh5 12. Nf1 0-0 13. g4 Bg6 14. Ng3 h6 15. Bd2 Nh7 16. Kh2 Ng5 17. Nxg5 Bxg5 18. Bxg5 Qxg5 19. Qf3 Kh7 20. Nf1 f6 21. Ne3 Bf7 22. Qf5+ Qxf5 23. Nxf5 Be6 24. Ra5 Bxf5 25. gxf5 Ra7 26. Rea1 Rfa8 27. Rg1 c6 28. h4 h5 29. f3 Kg8 30. Kg3 Kf7 31. Kf2 Ke8 32. Ke3 Kd8 33. b4 Re7 34. c3 Kc7 35. b3 Kb6 36. Ra2 1/2-1/2

[Event "Oberliga Ost-A 1617"]
[Site "Germany"]
[Date "2017.02.18"]
[Round "6.5"]
[White "Doehn, Raphael"]
[Black "Haertig, Jens"]
[Result "1/2-1/2"]
[WhiteElo "2131"]
[BlackElo "2137"]
[PlyCount "98"]
[EventDate "2016.10.16"]
[EventType "team-tourn"]
[EventRounds "11"]
[EventCountry "GER"]
[SourceTitle "EXT 2018"]
[Source "ChessBase"]
[SourceDate "2017.10.13"]
[SourceVersion "1"]
[SourceVersionDate "2017.10.13"]
[SourceQuality "1"]
[WhiteTeam "Leipzig SG II"]
[BlackTeam "Naumburg"]
[WhiteTeamCountry "GER"]
[BlackTeamCountry "GER"]

1. e4 c5 2. Nf3 e6 3. d4 cxd4 4. Nxd4 a6 5. Nc3 Qc7 6. Bd3 Nf6 7. Qe2 Bb4 8. Bd2 Nc6 9. Nxc6 bxc6 10. 0-0 Bd6 11. h3 e5 12. Nd1 Bc5 13. Bg5 d6 14. Ne3 Ng8 15. Rad1 f6 16. Bh4 Nh6 17. Bc4 Nf7 18. Rd3 0-0 19. Rfd1 Kh8 20. g4 Ng5 21. Bxg5 fxg5 22. c3 a5 23. Kg2 g6 24. f3 Bb7 25. Nc2 Rf6 26. b4 Bb6 27. Qd2 Raf8 28. Ne1 axb4 29. cxb4 Bd4 30. Rxd4 exd4 31. Qxd4 h5 32. a4 h4 33. Be2 c5 34. Rc1 Qb8 35. Qe3 d5 36. e5 Re6 37. Qxg5 Qxe5 38. Qxh4+ Kg7 39. Rc2 c4 40. Qf2 Ra8 41. a5 g5 42. Kf1 Bc6 43. Ra2 Rae8 44. f4 Qc3 45. Nf3 Qxb4 46. Qd4+ Kg8 47. Rb2 Qxa5 48. f5 Rh6 49. Nxg5 Qd8 1/2-1/2

[Event "Oberliga Ost-A 1617"]
[Site "Germany"]
[Date "2016.10.16"]
[Round "1.4"]
[White "Boehnisch, Manfred"]
[Black "Doehn, Raphael"]
[Result "1-0"]
[WhiteElo "2303"]
[BlackElo "2131"]
[PlyCount "73"]
[EventDate "2016.10.16"]
[EventType "team-tourn"]
[EventRounds "11"]
[EventCountry "GER"]
[SourceTitle "EXT 2018"]
[Source "ChessBase"]
[SourceDate "2017.10.13"]
[SourceVersion "1"]
[SourceVersionDate "2017.10.13"]
[SourceQuality "1"]
[WhiteTeam "Leipzig SG"]
[BlackTeam "Leipzig SG II"]
[WhiteTeamCountry "GER"]
[BlackTeamCountry "GER"]

1. e4 c5 2. Nf3 d6 3. Bb5+ Nd7 4. 0-0 Ngf6 5. Re1 g6 6. c3 Bg7 7. d4 cxd4 8. cxd4 0-0 9. Nc3 a6 10. Bf1 b5 11. h3 b4 12. Na4 Bb7 13. Bd3 Nb6 14. a3 Bc6 15. Nxb6 Qxb6 16. d5 Bb5 17. Be3 Qb7 18. Nd4 Bxd3 19. Qxd3 Nd7 20. axb4 Qxb4 21. Nc6 Qxb2 22. Nxe7+ Kh8 23. Ra4 Rfb8 24. Nc6 Rb3 25. Qf1 Bc3 26. Rxa6 Re8 27. Ra7 Ne5 28. Re2 Qb1 29. Qxb1 Rxb1+ 30. Kh2 Kg7 31. Rc2 Rb3 32. Nd4 Bxd4 33. Bxd4 Rb4 34. Rd2 g5 35. Ra6 Kg6 36. Rxd6+ f6 37. f3 1-0

[Event "Oberliga Ost-A 1516"]
[Site "Germany"]
[Date "2016.04.09"]
[Round "10.4"]
[White "Hellwig, Tobias"]
[Black "Doehn, Raphael"]
[Result "1-0"]
[WhiteElo "2175"]
[BlackElo "2101"]
[PlyCount "81"]
[EventDate "2015.09.20"]
[EventType "team-tourn"]
[EventRounds "11"]
[EventCountry "GER"]
[SourceTitle "EXT 2017"]
[Source "ChessBase"]
[SourceDate "2016.10.25"]
[SourceVersion "1"]
[SourceVersionDate "2016.10.25"]
[SourceQuality "1"]
[WhiteTeam "Sangerhausen"]
[BlackTeam "Leipzig SG II"]
[WhiteTeamCountry "GER"]
[BlackTeamCountry "GER"]

1. d4 e6 2. c4 f5 3. Nc3 d5 4. Bf4 c6 5. e3 Nf6 6. Bd3 Be7 7. Qc2 0-0 8. a3 Ne4 9. f3 Nd6 10. b3 Nd7 11. Nge2 Nf6 12. 0-0 Nh5 13. Be5 g6 14. h3 Nf7 15. Bh2 Bg5 16. Nd1 Bf6 17. cxd5 exd5 18. Nf2 Ng7 19. Rad1 Qe7 20. e4 Qxa3 21. g4 fxe4 22. fxe4 Be6 23. e5 Bg5 24. Bg3 Qe7 25. Kg2 Rac8 26. Rh1 Bh4 27. Nf4 Nh8 28. Qd2 b6 29. Bb1 Bxg3 30. Kxg3 Rf7 31. h4 Rcf8 32. N2h3 Ne8 33. Rdf1 Nc7 34. Rf2 Qd7 35. Ng5 Rg7 36. Rhf1 Bxg4 37. Nxd5 Rxf2 38. Qxf2 Qd8 39. Nf6+ Kf8 40. Nxg4+ Nf7 41. Nxf7 1-0

[Event "Oberliga Ost-A 1516"]
[Site "Germany"]
[Date "2016.02.21"]
[Round "8.4"]
[White "Kahe, Ralph"]
[Black "Doehn, Raphael"]
[Result "0-1"]
[WhiteElo "2158"]
[BlackElo "2101"]
[PlyCount "78"]
[EventDate "2015.09.20"]
[EventType "team-tourn"]
[EventRounds "11"]
[EventCountry "GER"]
[SourceTitle "EXT 2017"]
[Source "ChessBase"]
[SourceDate "2016.10.25"]
[SourceVersion "1"]
[SourceVersionDate "2016.10.25"]
[SourceQuality "1"]
[WhiteTeam "Magdeburg Rochade"]
[BlackTeam "Leipzig SG II"]
[WhiteTeamCountry "GER"]
[BlackTeamCountry "GER"]

1. d4 f5 2. Bg5 Nf6 3. Bxf6 exf6 4. e3 d5 5. Bd3 Be6 6. Qf3 Qd7 7. Ne2 Nc6 8. a3 0-0-0 9. Nf4 Bf7 10. Ne2 Be6 11. Nd2 g5 12. g3 Kb8 13. h3 h5 14. 0-0-0 h4 15. Nb3 b6 16. Rdg1 Bd6 17. Bb5 Kb7 18. Nc3 a6 19. Bd3 Be7 20. Qe2 Nb8 21. g4 fxg4 22. hxg4 c5 23. dxc5 bxc5 24. Qf3 Nc6 25. Na4 Ne5 26. Naxc5+ Kc6 27. Qe2 Bxc5 28. Bxa6 Nc4 29. Na5+ Kb6 30. Nxc4+ dxc4 31. Bxc4 Bxc4 32. Qxc4 Qd2+ 33. Kb1 Qd5 34. Qe2 h3 35. b4 h2 36. Rd1 Qxd1+ 37. Rxd1 Rxd1+ 38. Qxd1 h1Q 39. bxc5+ Kxc5 0-1

[Event "Oberliga Ost-A 1415"]
[Site "Germany"]
[Date "2015.03.15"]
[Round "9.8"]
[White "Doehn, Raphael"]
[Black "Stolz, Mike"]
[Result "0-1"]
[WhiteElo "2101"]
[BlackElo "2347"]
[PlyCount "100"]
[EventDate "2014.09.21"]
[EventType "team-tourn"]
[EventRounds "11"]
[EventCountry "GER"]
[SourceTitle "EXT 2016"]
[Source "ChessBase"]
[SourceDate "2015.10.08"]
[SourceVersion "1"]
[SourceVersionDate "2015.10.08"]
[SourceQuality "1"]
[WhiteTeam "Leipzig SG II"]
[BlackTeam "Magdeburg Rochade"]
[WhiteTeamCountry "GER"]
[BlackTeamCountry "GER"]

1. e4 c5 2. Nf3 Nc6 3. d4 cxd4 4. Nxd4 Nf6 5. Nc3 g6 6. Nxc6 bxc6 7. e5 Ng8 8. Bc4 Bg7 9. f4 d6 10. 0-0 Nh6 11. exd6 Qxd6 12. Qxd6 exd6 13. Bd2 0-0 14. Rfe1 Rb8 15. Bb3 Nf5 16. Rad1 h5 17. Be3 Nxe3 18. Rxe3 d5 19. Re7 Rb4 20. g3 h4 21. a3 Rd4 22. Rxd4 Bxd4+ 23. Kg2 Bc5 24. Rc7 h3+ 25. Kf3 Re8 26. Nxd5 Kg7 27. Rxc6 Bg1 28. Rc7 Be6 29. Nc3 Bxb3 30. cxb3 Re3+ 31. Kg4 Bxh2 32. Kxh3 Bxg3 33. Kg4 Bh2 34. Rxa7 Rg3+ 35. Kh4 Rf3 36. b4 Rxf4+ 37. Kh3 Rf2 38. Ne4 Rxb2 39. Ng5 Kf6 40. Nxf7 Bg1 41. Rb7 Kf5 42. Nd6+ Ke6 43. Nc4 Rb3+ 44. Kg2 Bd4 45. b5 Kd5 46. Nb6+ Ke4 47. a4 Rb2+ 48. Kg3 Be5+ 49. Kh4 Bf4 50. Kg4 Rg2+ 0-1

[Event "Oberliga Ost-A 1415"]
[Site "Germany"]
[Date "2015.02.22"]
[Round "8.6"]
[White "Doehn, Raphael"]
[Black "Gaitzsch, Martin"]
[Result "1/2-1/2"]
[WhiteElo "2101"]
[BlackElo "2058"]
[PlyCount "27"]
[EventDate "2014.09.21"]
[EventType "team-tourn"]
[EventRounds "11"]
[EventCountry "GER"]
[SourceTitle "EXT 2016"]
[Source "ChessBase"]
[SourceDate "2015.10.08"]
[SourceVersion "1"]
[SourceVersionDate "2015.10.08"]
[SourceQuality "1"]
[WhiteTeam "Leipzig SG II"]
[BlackTeam "Dresden USV TU II"]
[WhiteTeamCountry "GER"]
[BlackTeamCountry "GER"]

1. d4 Nf6 2. Nc3 d5 3. Bg5 Nbd7 4. Qd2 h6 5. Bh4 e6 6. f3 Bb4 7. a3 Be7 8. e4 0-0 9. Bd3 c5 10. dxc5 dxe4 11. Bxe4 Nxe4 12. Bxe7 Nxd2 13. Bxd8 Rxd8 14. Kxd2 1/2-1/2

[Event "Oberliga Ost-A 1415"]
[Site "Germany"]
[Date "2015.01.18"]
[Round "7.8"]
[White "Fischer, Edwin"]
[Black "Doehn, Raphael"]
[Result "1/2-1/2"]
[WhiteElo "2275"]
[BlackElo "2101"]
[PlyCount "57"]
[EventDate "2014.09.21"]
[EventType "team-tourn"]
[EventRounds "11"]
[EventCountry "GER"]
[SourceTitle "EXT 2016"]
[Source "ChessBase"]
[SourceDate "2015.10.08"]
[SourceVersion "1"]
[SourceVersionDate "2015.10.08"]
[SourceQuality "1"]
[WhiteTeam "Plauen Koenig"]
[BlackTeam "Leipzig SG II"]
[WhiteTeamCountry "GER"]
[BlackTeamCountry "GER"]

1. d4 d5 2. c4 e6 3. Nf3 f5 4. Nc3 c6 5. Bg5 Nf6 6. e3 Be7 7. Ne5 Nbd7 8. Bxf6 Nxf6 9. c5 0-0 10. Be2 Nd7 11. Nxd7 Bxd7 12. f4 b5 13. 0-0 a5 14. a3 g5 15. Qd2 g4 16. Na2 h5 17. Nc1 Rf7 18. Nd3 Bf6 19. Ne5 Bxe5 20. fxe5 Qg5 21. Rf4 Rg7 22. Bd3 h4 23. b3 g3 24. h3 Be8 25. Raf1 Bg6 26. Qc2 Rb7 27. Qd2 Qd8 28. Be2 Rg7 29. Rc1 1/2-1/2

[Event "Oberliga Ost-A 1415"]
[Site "Germany"]
[Date "2015.01.17"]
[Round "6.8"]
[White "Doehn, Raphael"]
[Black "Kubikova, Hana"]
[Result "1/2-1/2"]
[WhiteElo "2101"]
[BlackElo "2172"]
[PlyCount "82"]
[EventDate "2014.09.21"]
[EventType "team-tourn"]
[EventRounds "11"]
[EventCountry "GER"]
[SourceTitle "EXT 2016"]
[Source "ChessBase"]
[SourceDate "2015.10.08"]
[SourceVersion "1"]
[SourceVersionDate "2015.10.08"]
[SourceQuality "1"]
[WhiteTeam "Leipzig SG II"]
[BlackTeam "Aue Nickelhuette II"]
[WhiteTeamCountry "GER"]
[BlackTeamCountry "GER"]

1. e4 c5 2. Nf3 Nf6 3. e5 Nd5 4. Nc3 e6 5. Nxd5 exd5 6. d4 Nc6 7. dxc5 Bxc5 8. Be2 d6 9. Qxd5 Qa5+ 10. Qd2 Qxd2+ 11. Bxd2 dxe5 12. Be3 Bxe3 13. fxe3 Bf5 14. c3 f6 15. 0-0-0 Ke7 16. Rd2 Rhd8 17. Rhd1 Be6 18. b3 Rxd2 19. Rxd2 Rd8 20. c4 b6 21. Rxd8 Kxd8 22. Kd2 Kc7 23. Kc3 Ne7 24. a3 Bf5 25. b4 Be4 26. Bd3 Bxf3 27. gxf3 h6 28. Be4 g5 29. Kd3 f5 30. Ba8 Kd6 31. e4 f4 32. Bd5 Ng6 33. Ke2 Nf8 34. Kf2 Nd7 35. Kg2 Nf6 36. h3 Nd7 37. h4 gxh4 38. Kh3 Nf6 39. Kxh4 Kc7 40. Ba8 a5 41. Bd5 axb4 1/2-1/2

[Event "Oberliga Ost-A 1415"]
[Site "Germany"]
[Date "2014.12.07"]
[Round "5.6"]
[White "Heinemann, Josefine"]
[Black "Doehn, Raphael"]
[Result "1/2-1/2"]
[WhiteElo "2043"]
[BlackElo "2101"]
[PlyCount "95"]
[EventDate "2014.09.21"]
[EventType "team-tourn"]
[EventRounds "11"]
[EventCountry "GER"]
[SourceTitle "EXT 2016"]
[Source "ChessBase"]
[SourceDate "2015.10.08"]
[SourceVersion "1"]
[SourceVersionDate "2015.10.08"]
[SourceQuality "1"]
[WhiteTeam "Magdeburg Aufbau Elbe"]
[BlackTeam "Leipzig SG II"]
[WhiteTeamCountry "GER"]
[BlackTeamCountry "GER"]

1. e4 c5 2. Nf3 d6 3. d4 cxd4 4. Nxd4 Nf6 5. Nc3 a6 6. Bg5 e6 7. f4 b5 8. e5 dxe5 9. fxe5 Qc7 10. exf6 Qe5+ 11. Be2 Qxg5 12. 0-0 Qe5 13. Kh1 Ra7 14. Bf3 Rd7 15. Nce2 Bd6 16. Ng3 gxf6 17. Nc6 Nxc6 18. Bxc6 Bb7 19. Bxd7+ Kxd7 20. Qh5 Qxh5 21. Nxh5 f5 22. Rad1 Ke7 23. Rd2 Rg8 24. Rfd1 Bd5 25. a4 Rg5 26. Ng3 Bxg3 27. hxg3 Rxg3 28. axb5 axb5 29. Rxd5 exd5 30. Rxd5 b4 31. Rxf5 Re3 32. Kg1 Re2 33. Rf2 Re1+ 34. Rf1 Re2 35. Rf4 Rxc2 36. Rxb4 Ke6 37. Kh2 Kf5 38. Kg3 h5 39. b3 Kg5 40. Rc4 Rb2 41. Rc3 f5 42. Rf3 h4+ 43. Kh3 Rb1 44. g3 hxg3 45. Kxg3 f4+ 46. Rxf4 Rxb3+ 47. Rf3 Rxf3+ 48. Kxf3 1/2-1/2

[Event "Dresden ZMD op"]
[Site "Dresden"]
[Date "2006.08.11"]
[Round "7"]
[White "Doehn, Raphael"]
[Black "Strunski, Andreas"]
[Result "1/2-1/2"]
[WhiteElo "2075"]
[BlackElo "2188"]
[PlyCount "66"]
[EventDate "2006.08.05"]
[EventType "swiss"]
[EventRounds "9"]
[EventCountry "GER"]
[SourceTitle "CBM 113 Extra"]
[Source "ChessBase"]
[SourceDate "2006.09.14"]
[SourceVersion "1"]
[SourceVersionDate "2006.09.14"]
[SourceQuality "1"]

1. e4 c5 2. Nf3 e6 3. d4 cxd4 4. Nxd4 Nf6 5. Nc3 d6 6. Bc4 Be7 7. Be3 Na6 8. Bxa6 bxa6 9. Nc6 Qc7 10. Nxe7 Qxe7 11. 0-0 0-0 12. Qd3 Rd8 13. Rad1 Bb7 14. Rd2 Qc7 15. Bf4 Qa5 16. Bxd6 Bxe4 17. Qg3 Qf5 18. Be7 Rxd2 19. Bxf6 Qxf6 20. Nxe4 Qd4 21. Nxd2 Qxd2 22. Qc7 h5 23. h3 Rd8 24. c4 Rd4 25. b3 Qxa2 26. Qb8+ Kh7 27. Qe5 Rd7 28. Qxh5+ Kg8 29. Rd1 Rxd1+ 30. Qxd1 Qb2 31. Qd3 a5 32. Qd8+ Kh7 33. Qxa5 Qc1+ 1/2-1/2

[Event "Dresden ZMD op"]
[Site "Dresden"]
[Date "2006.08.10"]
[Round "6"]
[White "Figura, Atila Gajo"]
[Black "Doehn, Raphael"]
[Result "1-0"]
[WhiteElo "2353"]
[BlackElo "2075"]
[PlyCount "51"]
[EventDate "2006.08.05"]
[EventType "swiss"]
[EventRounds "9"]
[EventCountry "GER"]
[SourceTitle "CBM 113 Extra"]
[Source "ChessBase"]
[SourceDate "2006.09.14"]
[SourceVersion "1"]
[SourceVersionDate "2006.09.14"]
[SourceQuality "1"]

1. e4 c5 2. Nf3 d6 3. d4 cxd4 4. Nxd4 Nf6 5. Nc3 a6 6. Be3 e5 7. Nb3 Be6 8. f4 Ng4 9. Bd2 Be7 10. f5 Bh4+ 11. g3 Nxh2 12. Rxh2 Bxg3+ 13. Rf2 Bxf2+ 14. Kxf2 Qh4+ 15. Kg2 Bxb3 16. axb3 g6 17. f6 Nd7 18. Bb5 0-0-0 19. Bxd7+ Rxd7 20. Qf3 d5 21. Nxd5 Rxd5 22. exd5 e4 23. Qh3+ Qxh3+ 24. Kxh3 Re8 25. Re1 b5 26. c4 1-0

[Event "Dresden ZMD op"]
[Site "Dresden"]
[Date "2006.08.07"]
[Round "3"]
[White "Doehn, Raphael"]
[Black "Dittmar, Peter"]
[Result "0-1"]
[WhiteElo "2075"]
[BlackElo "2347"]
[PlyCount "163"]
[EventDate "2006.08.05"]
[EventType "swiss"]
[EventRounds "9"]
[EventCountry "GER"]
[SourceTitle "CBM 113 Extra"]
[Source "ChessBase"]
[SourceDate "2006.09.14"]
[SourceVersion "1"]
[SourceVersionDate "2006.09.14"]
[SourceQuality "1"]

1. e4 e6 2. Ne2 d5 3. Ng3 dxe4 4. Nxe4 Bd7 5. d4 Bc6 6. Nbc3 Nf6 7. Qd3 Bb4 8. Nxf6+ Qxf6 9. Be3 Nd7 10. 0-0-0 Nb6 11. Ne4 Qg6 12. f3 0-0-0 13. a3 Be7 14. Nc3 Rd7 15. Qxg6 hxg6 16. Bd3 Bf6 17. Ne2 Nd5 18. Bd2 Ne7 19. c3 Nf5 20. Bxf5 gxf5 21. b3 Rh4 22. Be1 Rh7 23. Bg3 g5 24. h3 Rd8 25. Rhg1 Rg8 26. c4 Rd8 27. Kc2 Rg7 28. Be5 Bxe5 29. dxe5 Rxd1 30. Rxd1 g4 31. hxg4 fxg4 32. Nd4 Bd7 33. Rh1 c5 34. Nb5 Bxb5 35. cxb5 Kc7 36. a4 gxf3 37. gxf3 Rg3 38. Rf1 Kb6 39. Kc3 Rg2 40. f4 Rg3+ 41. Kc4 Re3 42. Rf2 Re4+ 43. Kc3 a6 44. bxa6 Kxa6 45. Kd3 Rd4+ 46. Kc3 Kb6 47. f5 Re4 48. fxe6 fxe6 49. Rf8 Kc6 50. Rc8+ Kd5 51. Rb8 Rb4 52. Rc8 b6 53. Rc7 Re4 54. a5 bxa5 55. Ra7 Re3+ 56. Kc2 Kd4 57. Rxa5 Re2+ 58. Kd1 Rxe5 59. Kd2 Rh5 60. Ra4+ Kd5 61. Ra5 Rh2+ 62. Kd3 Rh3+ 63. Kc2 Rh4 64. Ra8 Rh7 65. Kd3 Rd7 66. Rb8 Rh7 67. Rd8+ Kc6 68. Rc8+ Kd6 69. Rb8 Rh4 70. Rd8+ Kc7 71. Re8 Kd7 72. Rb8 e5 73. Rb6 Rd4+ 74. Ke3 Rd6 75. Rb8 Ke6 76. Rc8 Kd5 77. Rb8 Rd7 78. Kd3 Rh7 79. Rd8+ Kc6 80. Rc8+ Kd6 81. Rd8+ Rd7 82. Rb8 0-1

[Event "GER-ch U18"]
[Site "Willingen"]
[Date "2004.05.30"]
[Round "1"]
[White "Fiebig, Thomas"]
[Black "Doehn, Raphael"]
[Result "1/2-1/2"]
[WhiteElo "2263"]
[BlackElo "2052"]
[PlyCount "98"]
[EventDate "2004.06.??"]
[EventType "swiss"]
[EventRounds "9"]
[EventCountry "GER"]
[SourceTitle "EXT 2005"]
[Source "ChessBase"]
[SourceDate "2004.11.15"]
[SourceVersion "1"]
[SourceVersionDate "2004.11.15"]
[SourceQuality "1"]

1. e4 c5 2. c3 d5 3. exd5 Qxd5 4. d4 Nf6 5. Nf3 Bg4 6. Nbd2 Nc6 7. Bc4 Bxf3 8. Qb3 Bxg2 9. Bxd5 Bxd5 10. Qxb7 Nxd4 11. Qa6 Nc2+ 12. Ke2 Nxa1 13. Rd1 Rd8 14. Qa4+ Rd7 15. Nf3 Bxf3+ 16. Kxf3 e6 17. Bg5 Nd5 18. Rxa1 Bd6 19. Qc6 Ne7 20. Qa8+ Rd8 21. Qxa7 f6 22. Be3 0-0 23. Bxc5 Nc6 24. Qb6 Ne5+ 25. Ke2 Bxc5 26. Qxc5 Rd5 27. Qe7 Rfd8 28. a4 Nd3 29. b4 Nf4+ 30. Kf3 e5 31. Re1 Kh8 32. b5 Ng6 33. Qb4 f5 34. Qb1 e4+ 35. Ke2 Nf4+ 36. Kf1 Rd2 37. b6 e3 38. fxe3 Nh3 39. Qxf5 Rxh2 40. b7 Rh1+ 41. Kg2 Rxe1 42. Qc8 Nf4+ 43. Kf2 Nd3+ 44. Kg2 Re2+ 45. Kf3 Rf2+ 46. Kg4 Ne5+ 47. Kh4 Rff8 48. Qc7 Rde8 49. Kg3 Re6 1/2-1/2

[Event "GER-ch Lands U20"]
[Site "Kassel"]
[Date "2003.10.22"]
[Round "5.1"]
[White "Leisner, Hannes"]
[Black "Doehn, Raphael"]
[Result "1-0"]
[WhiteElo "1994"]
[BlackElo "2101"]
[PlyCount "65"]
[EventDate "2003.10.19"]
[EventType "team"]
[EventRounds "7"]
[EventCountry "GER"]
[SourceTitle "EXT 2004"]
[Source "ChessBase"]
[SourceDate "2003.11.25"]
[SourceVersion "1"]
[SourceVersionDate "2003.11.25"]
[SourceQuality "1"]

1. e4 c5 2. Nf3 d6 3. d4 cxd4 4. Nxd4 Nf6 5. Nc3 a6 6. Bc4 e6 7. Be3 Be7 8. Qe2 Qc7 9. 0-0-0 b5 10. Bd3 Nbd7 11. a3 Bb7 12. f4 Rc8 13. g4 Nc5 14. Bf2 d5 15. e5 Nfd7 16. Kb1 Nb6 17. Rhg1 Nxd3 18. Rxd3 Nc4 19. f5 Qxe5 20. fxe6 Qxe2 21. exf7+ Kxf7 22. Ndxe2 Rhd8 23. Rgd1 Bf6 24. Bd4 Ne5 25. Rg3 h6 26. Nf4 g5 27. Nh5 Bh8 28. h3 Ke6 29. Re3 Re8 30. Rde1 Kd6 31. Ng3 Rc4 32. Nf5+ Kd7 33. Bxe5 1-0

[Event "GER-ch Lands U20"]
[Site "Kassel"]
[Date "2003.10.21"]
[Round "4.1"]
[White "Doehn, Raphael"]
[Black "Nazarenus, Moritz"]
[Result "0-1"]
[WhiteElo "2101"]
[BlackElo "2111"]
[PlyCount "110"]
[EventDate "2003.10.19"]
[EventType "team"]
[EventRounds "7"]
[EventCountry "GER"]
[SourceTitle "EXT 2004"]
[Source "ChessBase"]
[SourceDate "2003.11.25"]
[SourceVersion "1"]
[SourceVersionDate "2003.11.25"]
[SourceQuality "1"]

1. e4 c6 2. d4 d5 3. e5 Bf5 4. Be3 e6 5. Nd2 Nd7 6. Ngf3 Ne7 7. Be2 c5 8. dxc5 Nc6 9. Bb5 Bg4 10. c4 d4 11. Bxc6 bxc6 12. Bxd4 Bxc5 13. Bc3 Qb6 14. 0-0 Bb4 15. Qb3 Bxc3 16. Qxc3 0-0 17. h3 Bh5 18. b4 a5 19. a3 axb4 20. axb4 Rab8 21. Ra4 Qc7 22. Rfa1 Rb7 23. Ra5 Rfb8 24. R1a4 Nb6 25. Ra1 Nd7 26. R5a4 Nb6 27. Ra6 Nd7 28. Rb1 Bg6 29. Rb2 Nc5 30. Ra1 Nd3 31. Rb3 Nxb4 32. Ne1 c5 33. Rba3 Nc6 34. Ndf3 h6 35. Qe3 Ne7 36. Ra5 Rc8 37. Nd2 Nf5 38. Qc3 Nd4 39. Qe3 Rb4 40. f4 Rd8 41. Ra7 Rb7 42. Rxb7 Qxb7 43. Ndf3 Qb4 44. Rc1 Qb2 45. Kh1 Ne2 46. Rc2 Ng3+ 47. Kg1 Bxc2 48. Qf2 Ne4 49. Qxc2 Qxc2 50. Nxc2 Rd1+ 51. Kh2 Nd2 52. Nxd2 Rxd2 53. Na3 Rd4 54. g3 Rd2+ 55. Kg1 Rd3 0-1

[Event "Dresden ZMD op"]
[Site "Dresden"]
[Date "2003.08.01"]
[Round "8"]
[White "Van den Bersselaar, Jeroen"]
[Black "Doehn, Raphael"]
[Result "1-0"]
[WhiteElo "2175"]
[BlackElo "2009"]
[PlyCount "47"]
[EventDate "2003.07.25"]
[EventType "swiss"]
[EventRounds "9"]
[EventCountry "GER"]
[SourceTitle "EXT 2004"]
[Source "ChessBase"]
[SourceDate "2003.11.25"]
[SourceVersion "1"]
[SourceVersionDate "2003.11.25"]
[SourceQuality "1"]

1. d4 Nf6 2. c4 g6 3. Nc3 Bg7 4. e4 d6 5. Nge2 c5 6. d5 b5 7. cxb5 a6 8. Ng3 0-0 9. bxa6 Nbd7 10. Be2 Bxa6 11. 0-0 Nb6 12. Rb1 Nfd7 13. Qc2 Nc4 14. a4 Qb6 15. b3 Na5 16. Nb5 Rfc8 17. Be3 Qb7 18. Rfd1 Nb6 19. Bd2 Bxb5 20. Bxb5 Qa7 21. Bc3 c4 22. b4 Bxc3 23. Qxc3 Nb7 24. a5 1-0

[Event "GER-ch U18"]
[Site "Willingen"]
[Date "2003.06.11"]
[Round "7"]
[White "Opitz, Alexander"]
[Black "Doehn, Raphael"]
[Result "1/2-1/2"]
[WhiteElo "2057"]
[BlackElo "2009"]
[PlyCount "128"]
[EventDate "2003.06.08"]
[EventType "swiss"]
[EventRounds "9"]
[EventCountry "GER"]
[SourceTitle "CBM 094 Extra"]
[Source "ChessBase"]
[SourceDate "2003.07.09"]
[SourceVersion "2"]
[SourceVersionDate "2003.07.09"]
[SourceQuality "1"]

1. e4 c5 2. c3 d5 3. exd5 Qxd5 4. d4 Nf6 5. Nf3 Bg4 6. Be2 e6 7. h3 Bh5 8. 0-0 Nc6 9. Be3 cxd4 10. cxd4 Bb4 11. Nc3 Qd6 12. Qb3 0-0 13. Rfd1 Rfd8 14. g4 Bg6 15. Ne5 Bxc3 16. Nxc6 Qxc6 17. bxc3 Be4 18. Rac1 Bf3 19. Qb2 Bxe2 20. Qxe2 b5 21. Bg5 Rac8 22. f3 Qc4 23. Kf2 Rd5 24. Bxf6 gxf6 25. Qxc4 Rxc4 26. Ke3 Kf8 27. f4 Ke7 28. h4 Rd6 29. Rd2 Rdc6 30. Kd3 Kd6 31. a3 Kd5 32. Rb2 a6 33. Rb4 Rc7 34. g5 f5 35. Rbb1 Rc8 36. Rb4 Rh8 37. Re1 Rhc8 38. Rc1 Rb8 39. Re1 Rbc8 40. Rc1 Kd6 41. Kd2 R8c6 42. Rb3 Kc7 43. Kd3 Kb6 44. Rcb1 Rc8 45. Kd2 Kc6 46. Kd3 Kd7 47. Rg1 Ke7 48. h5 Ra4 49. Ra1 Rac4 50. Rg1 Rg8 51. Rb4 Rgc8 52. Rb3 Kf8 53. Rg2 Kg7 54. Rg1 Ra4 55. Rg2 h6 56. g6 Rh8 57. gxf7+ Kxf7 58. Rg6 Rh7 59. Kd2 Ke7 60. Ke3 Kd6 61. Kd2 Kd5 62. Kd3 Rc4 63. Rb4 Rcc7 64. a4 Rb7 1/2-1/2

[Event "GER-ch U18"]
[Site "Willingen"]
[Date "2003.06.10"]
[Round "5"]
[White "Seifert, Volker"]
[Black "Doehn, Raphael"]
[Result "1-0"]
[WhiteElo "2319"]
[BlackElo "2009"]
[PlyCount "49"]
[EventDate "2003.06.08"]
[EventType "swiss"]
[EventRounds "9"]
[EventCountry "GER"]
[SourceTitle "CBM 094 Extra"]
[Source "ChessBase"]
[SourceDate "2003.07.09"]
[SourceVersion "2"]
[SourceVersionDate "2003.07.09"]
[SourceQuality "1"]

1. d4 Nf6 2. c4 c5 3. d5 b5 4. cxb5 a6 5. f3 d6 6. e4 g6 7. Nc3 Bg7 8. bxa6 0-0 9. Bb5 Bxa6 10. Nge2 Nbd7 11. 0-0 Qb6 12. Bxa6 Rxa6 13. Kh1 c4 14. Rb1 Nc5 15. Be3 Nfd7 16. Qd2 Rfa8 17. Nd4 Ne5 18. h3 Ned3 19. Nc6 Qc7 20. b3 Bxc3 21. Qxc3 Rxa2 22. Qxc4 Re2 23. Ra1 Rxa1 24. Rxa1 Qb7 25. Bxc5 1-0